| 000 | 01204nam a22002297a 4500 | ||
|---|---|---|---|
| 005 | 20110711140235.0 | ||
| 008 | 110711t xxu||||| |||| 00| 0 mar d | ||
| 010 | _aMAR-21062 | ||
| 020 |
_c450.00 _a9788192064215 |
||
| 035 | _aMR-13720 | ||
| 037 | _bDBAD/PUB | ||
| 040 |
_aDPL _bMR |
||
| 082 | _a720 | ||
| 100 |
_aओगले,अरूण _929424 |
||
| 245 |
_aचिदाकाश घटाकाश : _cअरूण ओगले _bवास्तुकलेवरील निवडक लेखांचे संकलन / |
||
| 246 |
_aChidakash Ghatakash : Vastukalewaril Nivdak Lekhanche Sankalan _bby Arun Oagale |
||
| 260 |
_aपुणे _bबी एन सी ए पब्लिकेशन _c2010 |
||
| 270 |
_aडॉ. भानुबेन नानावटी कॉलेज ऑफ आर्किटेक्चर फॉर विमेन,कर्वेनगर _bपुणे _e411052 |
||
| 300 |
_aअकरा,155पृ. _c23सेमी(अजिल्द) _bसचित्र |
||
| 942 |
_2ddc _cMR _mओगले _h720 |
||
| 999 |
_c53729 _d53729 |
||